000 00635nam a2200241 a 4500
001 BRL_12
005 20190320210541.0
008 910529s1953 mx-#######---#000-0#spa-#
041 _aspa
044 _amx
050 4 _aBF1275
_b.C67 1953
100 1 _aCosani, Armando
_922648
245 1 0 _aEl vuelo de la serpiente emplumada
_cArmando Cosani.
260 _aMéxico
_bEdiciones Sol
_c1953
300 _a156 p.
_c24 cm.
500 _aIncluye vocabulario
500 _aAu44
600 1 4 _aCosani, Armando
_vBiografía
_922649
650 1 4 _aEspiritismo
_922650
650 1 4 _aVida espiritual
_921734
902 _aGRL
942 _2lcc
_cB
999 _c8825
_d8825